Catálogo público

Fertilización de la caña de azucar / (Record no. 199021)

MARC details
000 -CABECERA
campo de control de longitud fija 01013nam a2200301Ia 4500
001 - NÚMERO DE CONTROL
campo de control Para_265
003 - IDENTIFICADOR DEL NÚMERO DE CONTROL
campo de control CHAP
008 - DATOS DE LONGITUD FIJA--INFORMACIÓN GENERAL
campo de control de longitud fija 220125s1984 xx 000 0 und d
010 ## - NÚMERO DE CONTROL DE LA BIBLIOTECA DEL CONGRESO
Número de control de LC 199021
040 ## - FUENTE DE LA CATALOGACIÓN
Centro/agencia transcriptor CHAP
090 ## - LOCALMENTE ASIGNADO TIPO-LC NÚMERO DE CLASIFICACIÓN (OCLC); NÚMERO DE CLASIFICACIÓN LOCAL (RLIN)
Número de clasificación (OCLC) (R) ; Numero de clasificación, CALL (RLIN) (NR) PA FOLLETO 2265
100 ## - ENTRADA PRINCIPAL--NOMBRE DE PERSONA
Nombre de persona Rojas Martínez, Basilio A.
9 (RLIN) 99335
245 ## - MENCIÓN DE TÍTULO
Título Fertilización de la caña de azucar /
Mención de responsabilidad, etc. por Basilio A. Rojas Martínez , B. Ortiz Villanueva y Alfonso García Espinoza
250 ## - MENCIÓN DE EDICIÓN
Mención de edición 2a.
260 ## - PUBLICACIÓN, DISTRIBUCIÓN, ETC.
Lugar de publicación, distribución, etc. México, D.F. :
Nombre del editor, distribuidor, etc. Instituto para el mejoramiento de la producción de azúcar
300 ## - DESCRIPCIÓN FÍSICA
Extensión 25 p.
650 ## - PUNTO DE ACCESO ADICIONAL DE MATERIA--TÉRMINO DE MATERIA
Término de materia o nombre geográfico como elemento de entrada Fertilizantes para caña de azúcar
9 (RLIN) 40610
700 ## - PUNTO DE ACCESO ADICIONAL--NOMBRE DE PERSONA
Nombre de persona I. Ortiz Villanueva,
9 (RLIN) 164332
700 ## - PUNTO DE ACCESO ADICIONAL--NOMBRE DE PERSONA
Nombre de persona III. García Espinoza, Alfonso
9 (RLIN) 164333
710 ## - PUNTO DE ACCESO ADICIONAL--NOMBRE DE ENTIDAD CORPORATIVA
Nombre de entidad corporativa o nombre de jurisdicción como elemento de entrada III. México. Instituto para el mejoramiento de la producción de azúcar
9 (RLIN) 164334
901 ## - ELEMENTOS DE DATOS A LOCAL LDA (RLIN)
a PA FOLLETO 2265
902 ## - ELEMENTOS DE DATOS B LOCAL, LDB (RLIN)
a A
905 ## - ELEMENTOS DE DATOS E LOCAL, LDE (RLIN)
a 0000001984 n 0000000000 00
910 ## - DATOS DE OPCIÓN DEL USUARIO (OCLC)
Datos de opción del usuario 1984
942 ## - ELEMENTOS DE PUNTO DE ACCESO ADICIONAL (KOHA)
Tipo de ítem Koha Parasitologia_
942 ## - ELEMENTOS DE PUNTO DE ACCESO ADICIONAL (KOHA)
Tipo de ítem Koha Parasitologia_
-- 1
Holdings
Estado de retiro Estado de pérdida Fuente del sistema de clasificación o colocación Estado dañado No para préstamo Código de colección Localización permanente Ubicación/localización actual Ubicación en estantería Fecha de adquisición Información codificada de la localización en otra ubicación Total de préstamos Código de barras Fecha visto por última vez Número de copia Precio válido a partir de Tipo de ítem Koha Nota pública
    Clasificación Universidad Autónoma de Chapingo     Folletos Parasitologia Agricola Parasitologia Agricola   27/10/2005 PARA   PA_4265 25/01/2022 1 25/01/2022 Folleto 3